Vista normal Vista MARC

Entrada Nombre personal

Número de registros utilizados en: 1

001 - NÚMERO DE CONTROL

  • Campo de control: 45763

003 - IDENTIFICADOR DE NÚMERO DE CONTROL

  • Campo de control: OSt

005 - FECHA Y HORA DE LA ULTIMA MODIFICACION

  • Campo de control: 20210914150241.0

008 - ELEMENTOS DE DATOS DE LONGITUD FIJA

  • Campo de longitud fija: 210914|| aca||aabn | a|a d

040 ## - FUENTE DE LA CATALOGACIÓN

  • Agencia original de catalogación: OSt

100 1# - ENCABEZAMIENTO--NOMBRE DE PERSONA

  • Nombre personal: Cristales Tobar, José David

670 ## - FUENTE DE DATOS ENCONTRADOS

  • Fuente de citación: Investigación, Visión Cristiana Ecológica del cuidado de la casa común según la Laudato Si, del Papa Francisco

670 ## - FUENTE DE DATOS ENCONTRADOS

  • Fuente de citación: BMC.- 14-09-2021